Poppy Playtime Characters - Statistics

General Stats
  • This quiz has been taken 919 times
  • The average score is 6 of 10
Answer Stats
Answer % Correct
Huggy Wuggy
96%
Poppy
84%
Mommy Long Legs
83%
Kissy Missy
81%
Bunzo
60%
Bron
47%
Cat Bee
46%
PJ Pug-a-pilla
45%
Candy Cat
44%
Boogie Bot
35%
No matching quizzes found
Score Distribution
Percent of People with Each Score
Percentile by Number Answered
Your Score History
You have not taken this quiz